000
00297nam a2200121Ia 4500
008
220217s9999||||xx |||||||||||||| ||und||
082
_a
823 NAR
100
_a
Narayana, R.K
245
0
_a
Emerald route
260
_a
Penguin books
_b
New Delhi
_c
1999
300
_b
200
650
_a
GENERAL BOOKS
999
_c
175257
_d
175257